[Event "Cipolletti"]
[Site "Cipolletti"]
[Date "1993.??.??"]
[Round "10"]
[White "Vidal, Jose Raul"]
[Black "Carmona Rosales, Jose Luis"]
[Result "1-0"]
[WhiteElo "2310"]
[BlackElo "2205"]
[PlyCount "117"]
[EventDate "1993.??.??"]
[EventType "tourn"]
[EventRounds "11"]
[EventCountry "ARG"]
[SourceTitle "EXT 1998"]
[Source "ChessBase"]
[SourceDate "1997.11.17"]
[SourceVersion "1"]
[SourceVersionDate "1997.11.17"]
[SourceQuality "1"]

1. e4 e5 2. Nf3 Nc6 3. Bb5 f5 4. Nc3 Nf6 5. exf5 Bc5 6. Nxe5 Nd4 7. 0-0 0-0 8. Nf3 Nxb5 9. Nxb5 d5 10. Nbd4 Qd6 11. d3 Ng4 12. h3 Nh2 13. Nxh2 Bxd4 14. Nf3 Bb6 15. Nh4 Bxf5 16. Nxf5 Rxf5 17. Qg4 Raf8 18. Be3 c5 19. Rae1 Qf6 20. Re2 Qc6 21. c4 Bc7 22. Rfe1 h5 23. Qh4 Qd6 24. f4 Ba5 25. Rf1 Bd8 26. Qf2 b6 27. g4 hxg4 28. hxg4 R5f7 29. f5 g6 30. Bh6 gxf5 31. Bxf8 Qxf8 32. Re6 dxc4 33. dxc4 Bf6 34. Kg2 Bd4 35. Rg6+ Kh7 36. gxf5 Rxf5 37. Qxf5 Qxf5 38. Rxf5 Kxg6 39. Rd5 Bxb2 40. Rd7 Kf5 41. Kf3 Ke5 42. Ke3 Bc3 43. Rxa7 Be1 44. Rd7 Bb4 45. Kd3 Ke6 46. Rd8 Ke7 47. Rd5 Ke6 48. Ke4 Ba5 49. Rd3 Bb4 50. Ke3 Ba5 51. Ke2 Ke5 52. Kd1 Ke4 53. Rd8 Ke3 54. Kc2 Bb4 55. Kb3 Ba5 56. Ka4 Ke4 57. Kb5 Ke5 58. Rd5+ Ke4 59. Rxc5 1-0

[Event "ARG-ch sf1"]
[Site "La Plata"]
[Date "1992.??.??"]
[Round "?"]
[White "Vidal, Jose Raul"]
[Black "Filgueira, Hernan"]
[Result "1/2-1/2"]
[WhiteElo "2380"]
[BlackElo "2285"]
[PlyCount "52"]
[EventDate "1992.??.??"]
[EventType "tourn"]
[EventRounds "7"]
[EventCountry "ARG"]
[SourceTitle "EXT 2000"]
[Source "ChessBase"]
[SourceDate "1999.11.16"]
[SourceVersion "1"]
[SourceVersionDate "1999.11.16"]
[SourceQuality "1"]

1. e4 c5 2. Nf3 Nc6 3. d4 cxd4 4. Nxd4 Nf6 5. Nc3 e5 6. Ndb5 d6 7. Bg5 a6 8. Bxf6 gxf6 9. Na3 b5 10. Nd5 Bg7 11. c3 f5 12. Bd3 Be6 13. Ne3 f4 14. Nd5 Rb8 15. Nc2 0-0 16. Qh5 Qd7 17. g3 f5 18. 0-0-0 Bxd5 19. exd5 Ne7 20. gxf4 e4 21. Be2 b4 22. Nxb4 a5 23. Nc6 Nxc6 24. dxc6 Qxc6 25. Rhg1 d5 26. Rg3 Rb7 1/2-1/2

[Event "ARG-ch sf1"]
[Site "La Plata"]
[Date "1992.??.??"]
[Round "?"]
[White "Vidal, Jose Raul"]
[Black "Rosito, Jorge"]
[Result "0-1"]
[WhiteElo "2380"]
[BlackElo "2345"]
[PlyCount "96"]
[EventDate "1992.??.??"]
[EventType "tourn"]
[EventRounds "7"]
[EventCountry "ARG"]
[SourceTitle "EXT 2000"]
[Source "ChessBase"]
[SourceDate "1999.11.16"]
[SourceVersion "1"]
[SourceVersionDate "1999.11.16"]
[SourceQuality "1"]

1. b3 d5 2. Bb2 Bg4 3. g3 Nf6 4. Bg2 e6 5. Nf3 Be7 6. 0-0 0-0 7. c4 c6 8. d3 Nbd7 9. Nbd2 Re8 10. Qc2 Bf8 11. Rac1 e5 12. h3 Bh5 13. e4 dxe4 14. dxe4 Qc7 15. a3 a5 16. Ra1 Nc5 17. Bc3 Rad8 18. Rfd1 Bxf3 19. Bxf3 Ne6 20. Nf1 Nd4 21. Bxd4 exd4 22. Bg2 Bc5 23. Qd3 Qe7 24. Nd2 Bxa3 25. e5 Nd7 26. f4 Nc5 27. Qf5 Bb4 28. Ne4 Nxe4 29. Bxe4 g6 30. Qg4 Kh8 31. Bd3 f6 32. Ra2 fxe5 33. Re2 Qg7 34. fxe5 Rxe5 35. Rf2 Re3 36. c5 Bxc5 37. Kh2 Bd6 38. Rf3 Rxf3 39. Qxf3 Rf8 40. Qg4 Qe5 41. h4 c5 42. Be4 b5 43. Bd3 Qd5 44. Be4 Qxb3 45. Rd3 Qa2+ 46. Kh3 Qf2 47. Rd1 a4 48. Bf3 Bxg3 0-1